Statistics for Countries Containing H - One Minute Sprint

Click here to take the quiz!

General Stats

  • This quiz has been taken 185 times
  • The average score is 11 of 28

Answer Stats

country% Correct
Haiti
85%
Honduras
85%
Hungary
79%
Chile
60%
China
59%
South Africa
55%
South Korea
53%
Thailand
50%
Kazakhstan
49%
South Sudan
45%
Bhutan
44%
Chad
42%
Netherlands
41%
North Korea
41%
Afghanistan
38%
Philippines
31%
Czechia
28%
Marshall Islands
27%
Bahrain
26%
Bahamas
25%
Bangladesh
25%
Bosnia and Herzegovina
25%
Ghana
24%
Lithuania
24%
Liechtenstein
20%
Lesotho
15%
Seychelles
15%
Ethiopia
10%

Score Distribution

Percentile by Number Answered

Percent of People with Each Score

Your Score History

You have not taken this quiz